Vaikam Virar E.V.R. Periyar (Record no. 6020)
[ view plain ]
| 000 -LEADER | |
|---|---|
| fixed length control field | 00442nam a22001577a 4500 |
| 005 - DATE AND TIME OF LATEST TRANSACTION | |
| control field | 20250410033924.0 |
| 008 - FIXED-LENGTH DATA ELEMENTS--GENERAL INFORMATION | |
| fixed length control field | 250410b |||||||| |||| 00| 0 eng d |
| 020 ## - INTERNATIONAL STANDARD BOOK NUMBER | |
| ISBN | 9789350550281 |
| 082 ## - DDC Classification | |
| DDC Edition Number | 22 |
| Class No. | 100 |
| Item Number - Author Mark | VAI |
| 100 ## - MAIN ENTRY--PERSONAL NAME | |
| Personal name | Subramaniyasivam |
| 245 ## - TITLE STATEMENT | |
| Title | Vaikam Virar E.V.R. Periyar |
| 260 ## - PUBLICATION, DISTRIBUTION, ETC. | |
| Place of publication, distribution, etc. | Chennai |
| Name of publisher, distributor, etc. | Apple Publishing International (Pvt) Ltd |
| Date of publication, distribution, etc. | 2011 |
| 300 ## - PHYSICAL DESCRIPTION | |
| Extent (e.g. Volumes, Pages etc.) | 64 p ., |
| 500 ## - GENERAL NOTE | |
| General note | E.V.R. Periyar padriya kadoorai puthagam |
| 942 ## - Koha item type (Biblio) | |
| Koha item type | Books in Stacks (Lending) |
| Lost status | Damaged status | Collection code | Home library | Current library | Date acquired | Full call number | Accession Number | Item type |
|---|---|---|---|---|---|---|---|---|
| Lending | WERC Library | WERC Library | 04/10/2025 | 100 VAI | 6820 | Books in Stacks (Lending) |
